SV Meppen-Lyrics - Statistiken

Allgemein
  • Dieses Quiz wurde 24 mal gespielt
  • Das Durchschnittsergebnis liegt bei 175 aus 314
Antwortstatistiken
Antwort % Korrekt
Meppen
100%
SV
100%
da
94%
die
89%
ist,
89%
ist
89%
macht
89%
Laune
83%
Spaß
83%
das
78%
Das
78%
das,
78%
der
78%
und
78%
Und
78%
unser
67%
Bayern
61%
Bayern?
61%
Verein
61%
wir
61%
Wir
61%
Ems
56%
Hat
50%
hat
50%
los
50%
nicht
50%
sind
50%
Sind
50%
Wo
50%
aber
44%
Bremen?
44%
ganz
44%
mit
44%
Nordsee
44%
rein
44%
spitze
44%
Stuttgart,
44%
alle
39%
Dann
39%
Gegner
39%
Gladbach?
39%
mal
39%
nass.
39%
Volldampf
39%
weg.
39%
weit
39%
Wer
39%
wer
39%
zu
39%
blau-weiß
33%
daneben
33%
Emsland
33%
geht
33%
gut
33%
hau’n
33%
Hier
33%
hier
33%
Im
33%
in
33%
jeden
33%
Meppener
33%
nie
33%
nochmal
33%
vor
33%
auch
28%
Bierchen
28%
famos
28%
Farben
28%
geht’s
28%
geseh’n.
28%
Hase
28%
man
28%
Meister
28%
nach
28%
Real
28%
Singen
28%
So
28%
Stimmung
28%
glaubt,
22%
Haus
22%
immer
22%
Inter
22%
keine
22%
küsst
22%
laut
22%
Madrid
22%
nur
22%
ohne
22%
platt
22%
richtig
22%
schmeckt.
22%
Von
22%
was
22%
aufs
17%
dat
17%
Dress
17%
Ganze
17%
Glotze
17%
Hooligans.
17%
ins
17%
Jahr
17%
meint
17%
sagt
17%
spielt
17%
vorn
17%
blau-weißen
11%
Brauch
11%
dreister
11%
Fans
11%
gute
11%
Hände
11%
Horn.
11%
kräftig
11%
Pfeffer
11%
Plattsprechen
11%
spuckt
11%
Stress
11%
wird
11%
Chili
6%
Doch
6%
echte
6%
Fairplay
6%
klar
6%
Mannschaft
6%
packen
6%
Unsre
6%
Vorfahrt
6%
Keine übereinstimmenden Quizze gefunden
Verteilung der Resultate
Anzahl Personen mit jedem Resultat
Perzentil nach korrekt beantworteten Fragen
Ihre Resultats-Entwicklung
Sie haben dieses Quiz noch nicht gespielt